| 000 | 00732cam a2200157 4500500 | ||
|---|---|---|---|
| 005 | 20260111090632.0 | ||
| 041 | _afre | ||
| 042 | _adc | ||
| 100 | 1 | 0 |
_aMambrino, Jean _eauthor |
| 245 | 0 | 0 | _aCharles Du Bos |
| 260 | _c2003. | ||
| 500 | _a6 | ||
| 520 | _aRésuméPrendre en charge le « Dieu Sauvage », c’est ce que firent, avec des moyens différents, Gauguin et Van Gogh, Rimbaud et Claudel, Segalen et Saint-John Perse. Ces enfants hallucinés furent confrontés à la grande crise des rhétoriques occidentales et de la raison des terriens... | ||
| 786 | 0 | _nÉtudes | 399 | 10 | 2003-10-01 | p. 408a-412a | 0014-1941 | |
| 856 | 4 | 1 | _uhttps://shs.cairn.info/revue-etudes-2003-10-page-408a?lang=fr&redirect-ssocas=7080 |
| 999 |
_c1619278 _d1619278 |
||